LEADER 01663oam 2200505M 450 001 9910715509803321 005 20191121064224.4 035 $a(CKB)5470000002512961 035 $a(OCoLC)1065571920 035 $a(OCoLC)995470000002512961 035 $a(EXLCZ)995470000002512961 100 $a20070221d1837 ua 0 101 0 $aeng 135 $aurcn||||||||| 181 $ctxt$2rdacontent 182 $cc$2rdamedia 183 $acr$2rdacarrier 200 10$aAbraham Woodall. (To accompany Bill H.R. No. 115.) December 22, 1837 210 1$a[Washington, D.C.] :$c[publisher not identified],$d1837. 215 $a1 online resource (1 page) 225 1 $aHouse report / 25th Congress, 2nd session. House ;$vno. 98 225 1 $a[United States congressional serial set ] ;$v[serial no. 333] 300 $aBatch processed record: Metadata reviewed, not verified. Some fields updated by batch processes. 300 $aFDLP item number not assigned. 517 $aAbraham Woodall. 606 $aLand tenure 606 $aLand titles 606 $aPublic land sales 606 $aRecording and registration 608 $aLegislative materials.$2lcgft 615 0$aLand tenure. 615 0$aLand titles. 615 0$aPublic land sales. 615 0$aRecording and registration. 701 $aChapman$b Reuben$f1799-1882$pDemocrat (AL)$01392690 801 0$bWYU 801 1$bWYU 801 2$bOCLCO 801 2$bOCLCQ 801 2$bOCLCO 801 2$bOCLCQ 906 $aBOOK 912 $a9910715509803321 996 $aAbraham Woodall. (To accompany Bill H.R. No. 115.) December 22, 1837$93460588 997 $aUNINA